Municipis de la comarca de la Vall d'Aran (Catalunya) - Statistics

General Stats
  • This quiz has been taken 281 times
  • The average score is 6 of 9
Answer Stats
Hint Answer % Correct
VM Vielha e Mijaran
95%
L Les
89%
B Bossòst
82%
N Naut Aran
77%
C Canejan
68%
B Bausen
61%
A Arres
58%
B Es Bòrdes
54%
V Vilamòs
54%
No matching quizzes found
Score Distribution
Percent of People with Each Score
Percentile by Number Answered
Your Score History
You have not taken this quiz